| 000 | 00846nas a2200265 4500 | ||
|---|---|---|---|
| 001 | BR2012007404 | ||
| 003 | BR-BrBNA | ||
| 005 | 20231205121346.0 | ||
| 007 | ta | ||
| 008 | 230509b bl.|||p| |||| 00| 00por d | ||
| 040 |
_aBR-BrBNA _bpor _cBiblioteca Nacional de Agricultura |
||
| 041 | _a(Pt) | ||
| 072 | _aB50; K10 | ||
| 100 | 1 | _aMarchioretto, M.S. | |
| 100 | 1 | _aLippert, A.P.U. | |
| 100 | 1 | _aStaudt, M.G. | |
| 245 | 1 | _aPadrões de distribuição geográfica da família Nyctaginaceae juss. no Rio Grande do Sul | |
| 650 | _aBIOGREOGRAFIA | ||
| 650 | _aFLORESTA | ||
| 650 | _aESSENCIA FLORESTAL | ||
| 650 | _aNYCTAGINACEAE | ||
| 773 | 0 |
_tPesquisa.Botânica - Instituto Anchietano de Pesquisas (Brazil) _xISSN 0373-840x _g(2012), v. 63 p. 201-211 _wBR2012007404 |
|
| 909 |
_a202311 _bLúcia _c55 _dLúcia Elande |
||
| 942 |
_2AGRIS _n0 _cANA |
||
| 999 |
_c223140 _d223140 |
||